00569nam a22001817a 450000500170000001000150001702000230003202000180005503500140007303700090008708200080009610000170010424500560012126000430017727000960022030000460031670000250036220250212110910.0 aENG-143710 a8170264820c495.00 a9788170264828 aEN-127242 bDBAD a881 aGupta, Ashok aRomantic Sufism and contemplations/cBy Ashok Gupta aNew Delhi bHeritage Publishers c2021 a19-A, Ansari Road, Daryaganj bNew Delhi e110002k011-23264444minfo@heritagepublishers.in axi,132p.bConclusion, Referencec23cm(pb) aGupta Ashok eAuthor